| 000 | 00745nam a2200193Ii 4500 | ||
|---|---|---|---|
| 003 | JO-AjNU | ||
| 008 | 230605s9999||||xx |||||||||||||| ||und|| | ||
| 040 |
_aJO-AjNU _bara _erda _cJO-AjNU |
||
| 041 | _aara | ||
| 050 | 1 | 4 | _aHJ191. M85 1980 |
| 100 | 3 |
_aتأليف: مرار، فيصل فخري / م. مشارك: عدنان الهندي, _eauthor _99448 |
|
| 245 | 0 | 0 | _aمبادىء الادارة المالية العامة واقتصادياتها: مصادر الاموال العامة واستخداماتها، ج1 |
| 264 | 3 | 1 | _aعمان: د.ن، 1980 |
| 300 | _aج1، 208ص | ||
| 336 |
_atext _btxt _2rdacontent |
||
| 337 |
_aunmediated _bn _2rdamedia |
||
| 338 |
_avolume _bnc _2rdacarrier |
||
| 650 | 4 |
_aالمالية العامة _99449 |
|
| 999 |
_aA1307 _c4875 _d4875 |
||